PDC European Darts Championship - Statistiken

Allgemein
  • Dieses Quiz wurde 534 mal gespielt
    73 seit der letzten Aktualisierung
  • Das Durchschnittsergebnis liegt bei 17 aus 18
Antwortstatistiken
Jahr Nationalität Gewinner % Korrekt
2014 Niederlande Michael van Gerwen
100%
2015 Niederlande Michael van Gerwen
100%
2016 Niederlande Michael van Gerwen
100%
2017 Niederlande Michael van Gerwen
100%
2020 Schottland Peter Wright
100%
2023 Schottland Peter Wright
100%
2008 England Phil Taylor
100%
2009 England Phil Taylor
100%
2010 England Phil Taylor
100%
2011 England Phil Taylor
100%
2025 Niederlande Gian van Veen
97%
2022 England Ross Smith
93%
2019 England Rob Cross
88%
2021 England Rob Cross
88%
2012 Australien Simon Whitlock
87%
2013 England Adrian Lewis
80%
2018 England James Wade
80%
2024 England Ritchie Edhouse
67%
Keine übereinstimmenden Quizze gefunden
Verteilung der Resultate
Anzahl Personen mit jedem Resultat
Perzentil nach korrekt beantworteten Fragen
Ihre Resultats-Entwicklung
Sie haben dieses Quiz seit der letzten Aktualisierung nicht gespielt